Top 20 blackest names - Statistics

General Stats
  • This quiz has been taken 151 times
  • The average score is 3 of 20
Answer Stats
Hint Answer % Correct
13-J Jamal
71%
8-T Tyrone
55%
17-X Xavier
40%
16-D Darius
25%
1-D DeShawn
19%
19-A Andre
13%
11-D Demetrius
13%
2-D DeAndre
12%
4-D Darnell
9%
20-D Darryl
9%
6-M Malik
8%
3-M Marquis
7%
15-J Jalen
6%
5-T Terrell
6%
7-T Trevon
6%
14-M Maurice
5%
18-T Terrance
5%
9-W Willie
4%
10-D Dominique
3%
12-R Reginald
2%
No matching quizzes found
Score Distribution
Percent of People with Each Score
Percentile by Number Answered
Your Score History
You have not taken this quiz